Statistics for The Next Step Season 7 Characters!

Click here to take the quiz!

General Stats

  • This quiz has been taken 497 times
  • The average score is 12 of 15

Answer Stats

Answer% Correct
Richelle
93%
Piper
92%
Ozzy
91%
Summer
91%
Amy
90%
Finn
89%
Kingston
86%
Emily
83%
Henry
80%
Kenzie
80%
Heath
79%
Lily
78%
Cleo
72%
Nick
72%
Jude
51%

Score Distribution

Percentile by Number Answered

Percent of People with Each Score

Your Score History

You have not taken this quiz